| 000 | 02337cam a22005414i 4500 | ||
|---|---|---|---|
| 003 | PE-LiUPU | ||
| 005 | 20250731180108.0 | ||
| 008 | 150623s r 000 0 d | ||
| 035 | _a(Sirsi) a21948 | ||
| 040 |
_aPE-LiUPU _bspa _cPE-LiUPU _erda |
||
| 082 | 0 | 4 |
_a514 _bD84 _221 |
| 100 | 1 |
_aCarmo, Manfredo Perdigao do, _eautor. |
|
| 245 | 1 | 0 |
_aTrigonometría y números complejos / _cManfredo Perdigao do Carmo, Augusto César Morgado, Eduardo Wagner ; con notas históricas de Joao Bosco Pitombeira de Carvalho. |
| 264 | 1 |
_aLima : _bInstituto de Matemática y Ciencias Afines, UNI, _c1999. |
|
| 300 |
_a121 páginas : _bilustraciones, gráficos ; _c22 cm. |
||
| 336 |
_atext _2rdacontent |
||
| 337 |
_aunmediated _2rdamedia |
||
| 338 |
_avolume _2rdacarrier |
||
| 490 | 0 | _aColección textos del IMCA. La enseñanza matemática | |
| 504 | _aIncluye bibliografía. | ||
| 505 | 0 | _aSistema de coordenadas en el plano. -La trigonometría del triángulo rectángulo. -Extensiones de las funciones trigonométricas. -Las leyes del seno y del coseno. -Ecuaciones trigonométricas. -Números complejos. -Trigonometría y números complejos. -Apéndice A: transformaciones en las funciones trigonométricas. -Apéndice B: La historia de la trigonometría. -Apéndice C: La historia de los números complejos. | |
| 526 | _aSEG44 | ||
| 526 | _aSEG26 | ||
| 526 | _aP159 | ||
| 526 | _aP155 | ||
| 526 | _aP154 | ||
| 526 | _aP153 | ||
| 526 | _aP150 | ||
| 526 | _aP100 | ||
| 526 | _aP31 | ||
| 526 | _aP30 | ||
| 526 | _aP26 | ||
| 526 | _aP25 | ||
| 526 | _aP24 | ||
| 526 | _aP22 | ||
| 526 | _aP15 | ||
| 526 | _aP10 | ||
| 650 | 0 | 4 |
_aTrigonometría _vProblemas, ejercicios, etc. |
| 650 | 0 | 4 |
_aNúmeros complejos _vProblemas, ejercicios, etc. |
| 700 | 1 |
_aMorgado, Augusto César, _eautor. |
|
| 710 | 2 |
_aUniversidad Nacional de Ingeniería (Lima) _94880 |
|
| 700 | 1 |
_aWagner, Eduardo, _eautor. |
|
| 942 |
_2ddc _cBOOK |
||
| 949 |
_a514 D84 _wDEWEY _c1 _i45599 _lCCODEBUL1 _mBUL _p00.00 _r0 _sY _tBOOK _u2015-06-24 _xINGENIERIA _zUNKNOWN _0COMPRA _o.STAFF. Colección General |
||
| 596 | _a1 | ||
| 999 |
_a514 D84 _wDEWEY _c22467 _i45599 _d22467 _e2018-11-22 _f2021-11-5 _g7 _lCCODEBUL1 _mBUL _n2 _q2 _r0 _sY _tBOOK _u2015-6-24 _xBIBLIOTECA _zUNKNOWN _0COMPRA _o.STAFF. Colección General |
||
| 980 |
_81 _gALBERTO SANCHEZ Responsable de Automatización |
||